000
00287nam a22001337a 4500
008
170227b xxu||||| |||| 00| 0 eng d
020
_a
9780683055979
041
_a
eng
080
_2
2 ED
_a
577
100
_a
5
101
_a
SHMB
245
_a
BIOCHIMISTRY
_c
MARKS.D,B
942
_2
udc
_c
BK
999
_c
6305
_d
6305